| 000 | 01007nas a2200265 a 4500 | ||
|---|---|---|---|
| 001 | 000046328 | ||
| 003 | DLC | ||
| 005 | 20240902114320.0 | ||
| 008 | 150723c19419999dr ur1pdd f0 z0spa d | ||
| 040 |
_aDO-SdBNP _bspa _cBNPHU _erda |
||
| 043 | _anwdr | ||
| 245 | 0 | 0 |
_aRevista de policía : _bórgano de la Policía Nacional. |
| 260 |
_aCiudad Trujillo : _bPolicía Nacional, _c1941. |
||
| 300 |
_av. : _bil. ; _c34 cm. |
||
| 310 | _aDesconocida | ||
| 362 | 1 | _aInicia con: año.3:no.12(abr./jun., 1941) | |
| 500 | _aCatalogación basada en: año.3:no.12(abr./jun., 1941) | ||
| 500 | _aDirectores: Manuel E. Castillo, Tomás Rodríguez Núñez, Ernesto J. Suncar Méndez | ||
| 650 | 4 |
_aPolicía nacional _vPUBLICACIONES PERIÓDICAS _zRepública Dominicana _974350 |
|
| 651 | 4 |
_aRepública Dominicana _xPublicaciones Periódicas _933494 |
|
| 700 | 1 |
_aCastillo, Manuel E. _eed. _974351 |
|
| 700 | 1 |
_aRodríguez Núñez, Tomás, _eed. _974352 |
|
| 700 | 1 |
_aSuncar, Ernesto J., _eed. _974353 |
|
| 942 |
_2ddc _cISSUE |
||
| 999 |
_c45817 _d45817 |
||